Statistics for History of the world's tallest skyscrapers from 1899

Click here to take the quiz!

General Stats

  • This quiz has been taken 45 times
  • The average score is 7 of 12

Answer Stats

Answer% Correct
Empire State Building
100%
World Trade Center
98%
Chrysler Building
85%
Willis Tower
85%
Petronas Towers
80%
Burj Khalifa
78%
Taipei 101
75%
Woolworth Building
28%
Singer Building
20%
Metropolitan Life Insurance Company Tower
10%
40 Wall Street
8%
Park Row Building
0%

Score Distribution

Percentile by Number Answered

Percent of People with Each Score

Your Score History

You have not taken this quiz